000 00458nam a2200181Ia 4500
003 OSt
005 20251119111320.0
008 210210b1960 xxu||||| |||| 00| 0 eng d
040 _cAL
041 _akan
082 _a851/168
100 _aD V G
_9159283
_dಡಿವಿಜಿ
245 _aGita shakuntala:
_bಗೀತ ಶಕುಂತಲ
260 _aMaisuru
_bKavyalaya
_c1960
690 _aKannada Poetry
_9159284
906 _a018184
942 _2ddc
_cBK
999 _c141310
_d141310